Clinical psychology; an introduction to research and practice (Record no. 3168)
[ view plain ]
| 000 -LEADER | |
|---|---|
| fixed length control field | 00840cam a22002651 4500 |
| 001 - CONTROL NUMBER | |
| control field | 6098006 |
| 003 - CONTROL NUMBER IDENTIFIER | |
| control field | OSt |
| 005 - DATE AND TIME OF LATEST TRANSACTION | |
| control field | 20170105101210.0 |
| 008 - FIXED-LENGTH DATA ELEMENTS--GENERAL INFORMATION | |
| fixed length control field | 810920s1962 xx a 000 0 eng |
| 010 ## - LIBRARY OF CONGRESS CONTROL NUMBER | |
| LC control number | 62016908 |
| 035 ## - SYSTEM CONTROL NUMBER | |
| System control number | (OCoLC)14621440 |
| 040 ## - CATALOGING SOURCE | |
| Original cataloging agency | DLC |
| Transcribing agency | DNLM |
| Modifying agency | OClU |
| -- | DLC |
| 042 ## - AUTHENTICATION CODE | |
| Authentication code | premarc |
| 050 00 - LIBRARY OF CONGRESS CALL NUMBER | |
| Classification number | RC467 |
| Item number | .S86 |
| 060 0# - NATIONAL LIBRARY OF MEDICINE CALL NUMBER | |
| Classification number | WM 100 |
| Item number | S957c 1962 |
| 100 1# - MAIN ENTRY--PERSONAL NAME | |
| Personal name | Sundberg, Norman D. |
| 245 10 - TITLE STATEMENT | |
| Title | Clinical psychology; an introduction to research and practice |
| Statement of responsibility, etc. | [by] Norman D. Sundberg [and] Leona E. Tyler. |
| 260 ## - PUBLICATION, DISTRIBUTION, ETC. | |
| Place of publication, distribution, etc. | New York, |
| Name of publisher, distributor, etc. | Appleton-Century-Crofts |
| Date of publication, distribution, etc. | [c1962] |
| 300 ## - PHYSICAL DESCRIPTION | |
| Extent | xviii, 564 p. |
| Other physical details | ill. |
| 490 0# - SERIES STATEMENT | |
| Series statement | Century psychology series |
| 650 #0 - SUBJECT ADDED ENTRY--TOPICAL TERM | |
| Topical term or geographic name entry element | Clinical psychology |
| 700 1# - ADDED ENTRY--PERSONAL NAME | |
| Personal name | Tyler, Leona E. |
| Fuller form of name | (Leona Elizabeth), |
| Dates associated with a name | 1906-1993. |
| 906 ## - LOCAL DATA ELEMENT F, LDF (RLIN) | |
| a | 7 |
| b | cbc |
| c | oclcrpl |
| d | u |
| e | ncip |
| f | 19 |
| g | y-gencatlg |
| 942 ## - ADDED ENTRY ELEMENTS (KOHA) | |
| Source of classification or shelving scheme | |
| Koha item type | Book |
| Withdrawn status | Lost status | Source of classification or shelving scheme | Damaged status | Not for loan | Collection code | Permanent Location | Current Location | Shelving location | Date acquired | Total Checkouts | Total Renewals | Full call number | Barcode | Date last seen | Price effective from | Koha item type |
|---|---|---|---|---|---|---|---|---|---|---|---|---|---|---|---|---|
| Central Library (CL) | Central Library (CL) | General Stacks | 05/18/2016 | 2 | 616.89 SUN | S3H-D-121 | 01/21/2020 | 05/18/2016 | Book |
